| Registos Bibliográficos associados ao registo de autoridade |
|
Etiqueta de registo: 00254nam 2200025 450 001 2286256 003 http://id.bnportugal.gov.pt/bib/catbnp/2286256 010 ## $a978-989-9275-52-2 021 ## $aPT$b559593/26 100 ## $a20260513d2026 k y0pory01030103ba 101 0# $apor 102 ## $aPT 105 ## $aa z 000yy 106 ## $ar 200 1# $aTrabalho e vidas na mina$ememória oral e história da atividade extrativa no Couto Mineiro do Vale das Gatas,
Sabrosa$forg. Pedro Gabriel Silva, Octávio Sacramento$gautores Dina Borges Pereira... [et al.] 205 ## $a1ª ed 210 #9 $aVila Nova de Famalicão$cHúmus,$d2026 215 ## $a264, [3] p.$cil.$d24 cm 675 ## $a622(469.202)"195/199"(047.53)$vBN$zpor$32001405 675 ## $a316.72(469.202)"195/199"(091)$vBN$zpor$32001407 675 ## $a622(469.202)"195/199"(091)$vBN$zpor$32001398 701 #1 $aPereira,$bDina Borges$4070$31998293 702 #1 $aSilva,$bPedro Gabriel,$f1973-$4340$31463763 702 #1 $aSacramento,$bOctávio José Rio do,$f1973-$4340$31410308 801 #0 $aPT$bBN$gRPC 856 41 $uhttp://rnod.bnportugal.gov.pt/ImagesBN/winlibimg.aspx?skey=&doc=2286256&img=223694&save=true 966 ## $lBN$mFGMON$sS.A. 194109 V.$x1 966 ## $lBN$mFGMON$sS.A. 194109 V.-D$x1 971 ## $cssilva$d20260513 973 ## $caalmeid$d20260623
|
|
|